000
00332nam a22001457a 4500
008
221011b ||||| |||| 00| 0 eng d
020
_a
0721668682
041
_a
eng
080
_2
SEVENTH EDITION
_a
618
082
_a
618 NOV
100
_a
15.2
101
_a
GINE
245
_a
GYNECOLOGIC AND OBSTETRIC
_c
NOVAK
942
_2
udc
_c
BK
999
_c
58488
_d
58488